000 00701nam a2200289 a 4500
003 AR-BaBNM
005 20251128203425.0
008 082120s2002 ||||||||||||||000 | spa||
040 _cAR-BaBNM
100 1 _aDuverger, Maurice
245 0 0 _aJaque al rey
260 _aBuenos Aires
_bEudeba
_c1981
300 _a201 p.
_btablas
490 0 _aTemas
650 4 _aHISTORIA EUROPEA
650 4 _aTOTALITARISMO
650 4 _aMONARQUIA
650 4 _aCAMBIO CULTURAL
650 4 _aCAMBIO SOCIAL
650 4 _aHISTORIA DE LAS IDEAS
650 4 _aNACIONALISMO
650 4 _aPOLITICA
653 _aMODERNIDAD
700 1 _aPiƱeiro, Enrique J.
_etraductor
942 _cBK
998 _cmariana
999 _c3327
_d3327